000 01199nam a2200361 i 4500
001 9106
003 KOSZ 005
005 20230130111153.0
008 070710s1970 pl g 000 0 pol
015 _aPB 1970/5189
040 _aWA N
_cWA N
_dKOSZ 005/RW
_dKOSZ 005/HR
046 _k1970
080 _a94(438)
080 _a323.1
100 1 _aGrzybowski, Konstanty
_d(1901-1970)
_eAutor
245 1 0 _aOjczyzna, naród, państwo /
_cKonstanty Grzybowski.
260 _aWarszawa :
_bPaństwowy Instytut Wydawniczy,
_c1970.
300 _a220, [4] stron ;
_c18 cm.
336 _aTekst
_btxt
_2rdacontent
337 _aBez urządzenia pośredniczącego
_bn
_2rdamedia
338 _aWolumin
_bnc
_2rdacarrier
380 _aKsiążki.
388 _a1901-2000
490 1 _aBiblioteka Myśli Współczesnej.
504 _aBibliografia na stronach 219-[221].
658 _aHistoria
651 4 _aPolska
650 4 _aNaród
710 2 _aPaństwowy Instytut Wydawniczy
_4pbl.
856 _uhttp://koha.tu.koszalin.pl/cgi-bin/koha/opac-detail.pl?biblionumber=9106
_yKatalog online BPK
830 0 _aBiblioteka Myśli Współczesnej
942 _2UKD
_cKS
999 _c9106
_d9106